|
|
|
|
| LEADER |
00851nam a2200217 a 4500 |
| 001 |
6515 |
| 003 |
BD-DhAAL |
| 008 |
090430s1963 nyu 000 0 eng d |
| 999 |
|
|
|c 311
|d 311
|
| 010 |
|
|
|a \\\62014869
|
| 040 |
|
|
|a DLC
|c MBNU
|d DLC
|d BD-DhAAL
|
| 082 |
|
|
|a 615.4
|
| 100 |
1 |
|
|a Burlage, Henry Matthew,
|d 1897-
|e ed.
|9 41653
|
| 245 |
1 |
0 |
|a Physical and technical pharmacy /
|c Edited by Henry M. Burlage, Charles O. Lee and L. Wait Rising.
|
| 260 |
|
|
|a New York,
|b Blakiston Division,
|c [1963]
|
| 300 |
|
|
|a 740 pages :
|b illustrations ;
|c 24 cm.
|
| 541 |
1 |
|
|e 6515
|
| 650 |
|
0 |
|a Pharmacy.
|9 41654
|
| 852 |
4 |
|
|a Ayesha Abed Library
|c General Stacks
|
| 942 |
|
|
|2 ddc
|c BK
|
| 952 |
|
|
|0 0
|1 0
|2 ddc
|4 0
|6 615_400000000000000_BUR_1963
|7 0
|9 286
|a BRACUL
|b BRACUL
|c GEN
|d 2009-04-30
|g 0.00
|l 0
|o 615.4 BUR
|p 3010006515
|r 2009-04-30
|t 1
|w 2009-04-30
|y BK
|x No price found in the accession register.
|